[Event "1st Gujarat GM Open 2018"]
[Site "Ahmedabad"]
[Date "2018.10.09"]
[Round "6"]
[White "Deshpande, Aniruddha"]
[Black "Manish Anto Cristiano F"]
[Result "1/2-1/2"]
[WhiteElo "2213"]
[BlackElo "1961"]
[Annotator "TA"]
[PlyCount "40"]
[EventDate "2018.10.05"]
[EventType "swiss"]
[EventCountry "IND"]
[SourceTitle "playchess.com"]
[Source "ChessBase"]
[SourceQuality "1"]

{[%evp 24,40,11,13,19,16,15,15,15,10,16,20,64,64,57,66,70,74,71]} 1. d4 d5 2. c4 c6 3. Nf3 Nf6 4. Nbd2 e6 5. g3 Nbd7 6. Bg2 Be7 7. O-O O-O 8. Qc2 b6 9. b3 Bb7 10. Bb2 Rc8 11. Rfd1 Qc7 {E09: Closed Catalan: Main Line: 7 Qc2 c6 8 Nbd2} 12. Rac1 Qb8 13. e4 {LiveBook: 7 Games} dxe4 {The position is equal.} (13... Rfd8 14. Ne1 c5 15. exd5 exd5 16. Qf5 dxc4 17. Nxc4 Bxg2 18. Nxg2 cxd4 19. Bxd4 Qb7 20. Nf4 {½-½ (29) Plat,V (2532)-Seifert,V (2359) Germany 2017}) 14. Nxe4 Nxe4 15. Qxe4 c5 16. Qe2 {[#] Hoping for d5.} Bf6 17. Ne5 $146 ({Predecessor:} 17. Rc2 Rfd8 18. Rcd2 cxd4 19. Bxd4 {½-½ (46) Horak,M (2284)-Vraj,K (1942) Vsetin 2018}) 17... Rfd8 {Black wants to play ...Bxg2.} 18. Nxd7 Rxd7 19. dxc5 Rxd1+ 20. Rxd1 {[#] aiming for Bxf6.} Bxb2 1/2-1/2

[Event "1st Gujarat GM Open 2018"]
[Site "Ahmedabad"]
[Date "2018.10.09"]
[Round "6"]
[White "Mehdi Hasan Parag"]
[Black "Gukesh D"]
[Result "1/2-1/2"]
[WhiteElo "2209"]
[BlackElo "2456"]
[Annotator "TA"]
[PlyCount "167"]
[EventDate "2018.10.05"]
[EventType "swiss"]
[EventCountry "IND"]
[SourceTitle "playchess.com"]
[Source "ChessBase"]
[SourceQuality "1"]

{[%evp 18,167,28,-9,37,9,68,71,78,86,287,266,264,243,319,324,323,310,336,327,442,431,419,419,471,446,506,287,329,329,316,227,229,215,311,312,371,204,195,107,102,74,93,83,76,0,8,0,11,6,28,15,42,41,40,40,98,97,47,46,134,127,126,126,162,127,114,122,104,109,1140,100,110,124,113,124,100,94,203,195,212,199,662,645,641,621,645,631,744,736,817,752,989,974,885,766,1306,1327,1259,1216,1092,827,1377,602,591,599,816,591,591,0,584,584,568,539,528,485,388,0,0,0,741,705,379,0,0,0,347,347,355,340,340,333,327,306,293,0,0,0,0,0,0,0,0,0,0,0,0,0,0,0,0,0]} 1. e4 c5 2. Nf3 d6 3. d4 cxd4 4. Nxd4 Nf6 5. Nc3 a6 6. Be3 Nbd7 7. f3 e6 8. g4 {[%cal Bg2g4,Bg4g5][%mdl 32]} h6 9. Qd2 b5 10. h4 Bb7 {B80: Sicilian Scheveningen: 6 g3 and 6 Be3, including English Attack} (10... b4 $5 {[%cal Rb4c3]} 11. Nce2 d5 12. exd5 Nxd5 $15) (10... b4 11. Na4 d5 12. Rg1 dxe4 13. O-O-O Qa5 14. b3 exf3 15. Nxf3 Bb7 16. Bg2 Nd5 17. Bd4 Nc5 18. Nxc5 Bxc5 {0-1 (18) Karpov,A (2655)-Grischuk,A (2711) Odessa 2008}) 11. Rg1 Nb6 (11... e5 $11 12. Nb3 d5) 12. g5 $14 Nfd7 {White is better.} 13. g6 $1 Ne5 $146 (13... Qxh4+ $16 {keeps fighting.} 14. Bf2 Qf6) ({Predecessor:} 13... Qxh4+ 14. Bf2 Qf6 15. gxf7+ Qxf7 16. Bh3 Nc5 17. b4 Nc4 {1-0 (39) Akatova,E (2204)-Bronnikova,E (2287) Obninsk 2007}) 14. gxf7+ $18 Kxf7 15. Qf2 Qf6 16. Bh3 Re8 17. O-O-O Nbc4 18. f4 Nxe3 19. Qxe3 Nc4 20. Qg3 Kg8 {[#]} 21. e5 $1 {[%mdl 512]} Qf7 (21... dxe5 22. fxe5) 22. Rde1 Rh7 23. exd6 Bc8 24. Ne4 Nxd6 25. Kb1 Nc4 (25... Nxe4 $142 26. Rxe4 Bc5) 26. h5 Bb7 27. Nc3 (27. Qd3 $142 Kh8 28. Nxe6) 27... Bc8 28. Qg6 (28. Rd1 $18) 28... Bc5 $16 29. Rd1 Bxd4 30. Rxd4 e5 31. Bxc8 (31. Bd7 $16 Bxd7 32. Qxf7+ Kxf7 33. Rxd7+ Ke6 34. Ra7 exf4 35. Re1+ (35. Rxa6+ Kf5 $14) 35... Ne3 36. Ne2) 31... exd4 $11 32. Bf5 $1 Qxg6 33. Bxg6 Rd8 34. Ne4 Rh8 35. Nc5 {[%mdl 1024] White has compensation.} Ne3 36. Ne6 Rd5 (36... Rd6 $14 37. f5 b4) 37. a3 $1 $16 Rd7 38. f5 Nd5 (38... Rd6 $1 $14) 39. Nxd4 Kf8 40. Re1 $1 {[%csl Gg6][%cal Re1e8]} Nc7 41. Ne6+ Nxe6 42. Rxe6 {[%csl Gg6][%cal Re6e8][%mdl 4096] Endgame KRR-KRB} Re7 {aiming for ...Rxe6.} 43. Rxa6 {White threatens Ra8+ and mate.} Re1+ 44. Ka2 Ke7 45. Ra7+ Kf6 46. Rf7+ Kg5 47. Rxg7 Rc8 (47... Rb8 $16 {is a better defense.}) 48. Bh7+ $18 Kxh5 49. f6 {[%cal Bf5f6,Bf6f7][%mdl 32]} Rc6 $2 (49... Rf8) 50. f7 Rf6 51. Bd3 Kh4 {and the idea ...Re5 leaves Black hopeful.} 52. Bxb5 h5 53. Bc4 Re4 54. b3 {[%cal Bb2b3,Bb3c4][%mdl 32]} Kh3 55. a4 h4 56. Rg8 Rxc4 57. bxc4 Rxf7 {KR-KR} 58. Kb3 Rb7+ 59. Kc3 Ra7 60. Kb4 (60. c5 $142 Rxa4 61. c6) 60... Rb7+ 61. Kc5 Rc7+ 62. Kb5 {Threatens to win with c5.} Rb7+ 63. Kc5 $2 (63. Kc6 $1 $18 {[%cal Rc6b7]} Rb4 64. c5 Rxa4 65. Kb5) 63... Ra7 $2 {[%mdl 8192]} (63... Rc7+ $1 $11 {and Black has nothing to worry.} 64. Kb4 Rb7+ 65. Kc3 Ra7) 64. Kd5 Rxa4 65. c5 Ra2 66. c3 Rg2 {[#]} 67. Rh8 $2 (67. Ra8 $1 $18) 67... Rg5+ 68. Kc4 Rg4+ $2 {[%mdl 8192] [#]} (68... Rg6 $11) 69. Kb5 $1 Rg5 70. Kb4 $2 ({White must play} 70. Kb6 $18) 70... Rg6 71. Kb5 $2 {[%mdl 8192]} (71. Rd8 $11) 71... Rg5 $1 72. Kb6 Rg3 73. c4 Rg4 74. Kb5 {Black must now prevent c6.} Rg5 75. Kb4 Rg6 {intending ...Kg3.} 76. Ka4 $2 (76. Rd8 $18) 76... Kg3 $11 {The position is equal.} 77. Kb5 Rg5 $1 78. Kb4 Rg6 79. Ka5 h3 80. Kb5 Rg5 81. Kb6 Rg4 82. Kb5 {Hoping for c6.} Rg5 83. Kb6 {And now c6 would win.} Rg4 84. Kb5 {Precision: White = 73%, Black = 59%.} 1/2-1/2

[Event "1st Gujarat GM Open 2018"]
[Site "Ahmedabad"]
[Date "2018.10.09"]
[Round "6"]
[White "Kulkarni, Vinayak"]
[Black "Bakunts, Rafael"]
[Result "0-1"]
[WhiteElo "2203"]
[BlackElo "2427"]
[Annotator "TA"]
[PlyCount "82"]
[EventDate "2018.10.05"]
[EventType "swiss"]
[EventCountry "IND"]
[SourceTitle "playchess.com"]
[Source "ChessBase"]
[SourceQuality "1"]

{[%evp 13,82,55,64,12,12,-15,-14,-29,-31,-11,-8,-36,-10,-54,-27,-23,-16,0,-4,-41,-33,-32,-45,-70,-74,-183,-175,-163,-73,-56,-57,-237,-222,-213,-210,-210,-221,-219,-225,-446,-200,-261,-273,-244,-220,-227,-220,-224,-228,-218,-218,-225,-200,-205,-208,-214,-189,-213,-118,-264,-250,-461,-458,-847,-846,-1140,-1127,-29969,-29949,-29975,-29975]} 1. d4 d6 2. Nf3 Bg4 3. g3 Nd7 4. Bg2 e5 5. O-O Ngf6 6. c4 Be7 7. Nc3 c6 {LiveBook: 120 Partien} 8. c5 {A53: Altindisch} (8. h3 $14 Bh5 9. Be3) (8. h3 Bh5 9. Nh4 O-O 10. Nf5 Re8 11. Nxe7+ Qxe7 12. b3 e4 13. d5 c5 14. Be3 h6 15. Qd2 a6 16. a4 Bg6 17. a5 Ne5 18. Na4 {½-½ (58) Faizrakhmanov,R (2414)-Pridorozhni,A (2573) Kazan 2018}) 8... Bxf3 $146 ({Vorgänger:} 8... exd4 9. cxd6 Bxd6 10. Qxd4 Bc5 11. Qf4 O-O 12. Be3 Bxe3 13. Qxe3 Re8 14. Qd2 Nb6 15. Rfd1 Qxd2 16. Rxd2 Rad8 17. Rad1 Rxd2 18. Rxd2 h6 19. e3 Nc4 20. Rd4 Ne5 21. Nxe5 Rxe5 {½-½ (21) Stankovic,M (2359)-Nadj Hedjesi,B (2375) Subotica 2012}) 9. cxd6 Bxg2 10. dxe7 {Die Stellung ist ausgeglichen.} Qb6 ({Viel schwächer wäre} 10... Kxe7 $6 11. Kxg2 Re8 12. dxe5 $14) 11. Kxg2 exd4 12. Na4 Qb4 13. a3 Qxe7 14. Qxd4 O-O $36 {[%mdl 2048] Schwarz kämpft um Vorteil.} 15. Nc3 Nc5 {[%cal Bd7c5,Bc5b3,Bb3a1,Ba1c2][%mdl 32] ...Sb3 ist eine echte Drohung.} 16. Bg5 Nb3 17. Bxf6 $1 Qe6 18. Qh4 Nxa1 19. Ne4 (19. Bxg7 $17 Kxg7 20. Rxa1) 19... Nc2 $19 {zielt auf ...Tfe8 ab.} ({Schwächer ist} 19... gxf6 20. Nxf6+ Kg7 21. Qg5+ Kh8 22. Rxa1 $16) 20. Kg1 {[#] Droht Dg5 und aus.} gxf6 (20... h6 $1 $19 {und Schwarz behält klar die Oberhand. Und weiter mit ...Tfe8 wäre nett.} 21. Bc3 Rad8) 21. Nxf6+ $17 Kg7 22. Qg5+ $2 ({Der einzige Zug:} 22. Nh5+ $1 $15 Kh8 23. Rc1) 22... Kh8 $19 {Weiss muss nun ...Sd4 beachten.} 23. Qh4 {[%csl Gf6][%cal Rh4h7]} Qf5 {Droht stark ...Tad8.} 24. Rc1 Rfd8 25. e4 {[#]} Nd4 $1 {[%cal Rd4f3]} 26. Kg2 $2 (26. exf5 Nf3+ 27. Kg2 Nxh4+ 28. gxh4) 26... Nf3 (26... Qg6 $142 27. Rc5 h6) 27. Qh6 Qg6 28. Qxg6 {[%csl Gf6][%cal Rg6h7]} Nh4+ ({Jedoch nicht} 28... fxg6 29. Kxf3 Kg7 30. e5 $17) 29. gxh4 {[%csl Gf6][%cal Rg6h7]} hxg6 {[%mdl 4096] Endspiel KTT-KTS} 30. h5 Kg7 31. e5 Rd2 32. Rc3 Rad8 33. hxg6 Kxg6 34. Rf3 Re2 35. Ng4 Re4 ({Besser ist} 35... Rxb2 $19 36. Ne3 Rg8) 36. Rf6+ (36. Kg3 $17 {war angesagt.}) 36... Kg7 37. f4 $2 (37. h3 {war einen Versuch wert.}) 37... Rd3 38. Rf5 (38. Rd6 $142 Rxd6 39. exd6) 38... Re2+ 39. Kf1 Rxb2 {[%cal Rd3d1]} 40. Rg5+ Kf8 {[%cal Rd3d1]} 41. Ke1 Rxa3 {Precision: Weiß = 32%, Schwarz = 65%.} 0-1

[Event "1st Gujarat GM Open 2018"]
[Site "Ahmedabad"]
[Date "2018.10.09"]
[Round "6"]
[White "Jeet, Jain"]
[Black "Raghunandan, Kaumandur Srihari"]
[Result "1/2-1/2"]
[WhiteElo "2185"]
[BlackElo "2394"]
[Annotator "TA"]
[PlyCount "161"]
[EventDate "2018.10.05"]
[EventType "swiss"]
[EventCountry "IND"]
[SourceTitle "playchess.com"]
[Source "ChessBase"]
[SourceQuality "1"]

{[%evp 18,161,24,21,32,10,17,17,11,10,8,25,26,6,55,45,100,47,60,54,49,32,61,77,71,0,0,0,0,0,0,0,0,0,0,0,0,0,0,0,0,-33,-33,-37,-37,-37,-33,-35,-17,-24,-8,-11,-4,-10,-3,-56,-56,-71,-71,-71,-66,-56,-56,-56,-56,-78,-78,-93,-93,-93,-93,-117,-93,-117,-117,-117,-117,-117,-117,-117,-117,-117,-117,-117,-117,-117,-117,-117,-117,-117,-117,-117,-117,-117,-117,-117,-117,-117,-117,-117,-117,-117,-117,-117,-117,-117,-117,-117,-117,-117,-117,-117,0,-117,-117,-117,-60,-60,-60,-60,0,-14,0,0,0,0,0,0,0,0,0,0,0,0,0,0,0,0,0,0,0,0,0,0,0,0]} 1. e4 c5 2. Nf3 d6 3. Bb5+ Nd7 4. c3 Ngf6 5. Qe2 a6 6. Ba4 b5 7. Bc2 e5 8. d4 Be7 9. O-O O-O 10. Rd1 Qc7 {B51: Sicilian: Moscow Variation (3 Bb5+) without 3...Bd7} 11. dxe5 (11. h3 Bb7 12. d5 g6 13. Bg5 Rfe8 14. g4 h5 15. Nh2 Nxd5 16. exd5 Bxg5 17. gxh5 Nf6 18. hxg6 fxg6 19. Bxg6 {0-1 (26) Najer,E (2679)-Lu,S (2627) Doha 2016}) 11... Nxe5 12. Nxe5 dxe5 13. c4 Bg4 14. f3 Be6 15. b3 {[#]} Rfd8 $146 ({Predecessor:} 15... b4 16. Nd2 Nd7 17. Nf1 Nb8 18. Ne3 Nc6 19. Nd5 Qb7 20. a4 Nd4 21. Qf2 {½-½ (21) Roganovic,M (2501)-Kovacevic,A (2561) Sombor 2009}) 16. Nc3 Rd4 {[#]} ({Black should play} 16... Rxd1+ $14 17. Nxd1 Nh5) 17. Nd5 ({But not} 17. cxb5 c4 $11) (17. Bd3 $1 $16) 17... Bxd5 18. exd5 Rxd1+ 19. Bxd1 Bd6 20. g3 e4 {[#]} 21. Bg5 (21. f4 $1 $16) 21... Be5 $11 22. Rb1 exf3 23. Qxf3 Re8 24. Bc2 Qa5 25. Rf1 {[%cal Rg5f6]} bxc4 26. bxc4 h6 27. Bxf6 Bxf6 28. d6 {Black must now prevent Qf5.} Qd2 29. Qd3 (29. Bd3 {is more complex.} Rd8 30. Qe4 Kf8 31. Rxf6 gxf6 32. Qe7+) 29... Qxd3 30. Bxd3 $15 {[%mdl 4096] Endgame KRB-KRB} Rd8 31. Rb1 Rxd6 32. Rb8+ Bd8 33. Be4 g6 34. Bd5 Kg7 35. Rc8 Bf6 36. Rc6 ({White should try} 36. Kg2 $11) 36... Bd4+ 37. Kg2 Rxc6 38. Bxc6 $17 {KB-KB} f5 {[%cal Bf7f5,Bf5f4][%mdl 32]} 39. h3 Kf6 40. Kf3 Ke5 41. Bb7 a5 42. a4 Bg1 43. g4 f4 44. Bc6 Be3 45. Be8 g5 46. Bd7 Kd4 47. Bb5 Kd3 48. Ba6 Kd2 49. Bb5 Bd4 50. Be8 Kc3 51. Bb5 Kd3 52. Ba6 Be3 53. Bb5 Kd2 54. Be8 Ke1 55. Bh5 Kf1 56. Be8 Kg1 57. Bh5 Kh2 58. Bg6 Kxh3 59. Bh5 Kh2 60. Bg6 Kg1 61. Bd3 Bd4 62. Be2 Bb2 63. Bd3 Bc1 64. Be2 Bb2 65. Bd3 Bg7 66. Be2 h5 (66... Kh2 $17 67. Bd3 Be5) 67. gxh5 $15 Bh6 68. Bd3 Bg7 69. Be2 $1 {The position is equal.} Bf6 70. h6 Kh2 71. Bd3 Kh3 {aiming for ...g4+.} 72. Bf5+ Kh4 73. h7 Kh5 74. Ke4 Bg7 75. Kf3 Bh8 76. Ke4 Kh6 77. Kf3 Kg7 78. Ke4 Kf6 79. Bg4 {Strongly threatening Kd5.} Kg6 80. Bf5+ Kh5 81. Kf3 {Precision: White = 72%, Black = 75%.} 1/2-1/2

[Event "1st Gujarat GM Open 2018"]
[Site "Ahmedabad"]
[Date "2018.10.09"]
[Round "6"]
[White "Dahale, Atul"]
[Black "Rathanvel, V S"]
[Result "0-1"]
[WhiteElo "2171"]
[BlackElo "2341"]
[Annotator "TA"]
[PlyCount "92"]
[EventDate "2018.10.05"]
[EventType "swiss"]
[EventCountry "IND"]
[SourceTitle "playchess.com"]
[Source "ChessBase"]
[SourceQuality "1"]

{[%evp 15,92,0,3,0,0,0,8,14,16,18,18,3,12,29,18,-4,-9,-12,-26,-117,-118,-121,-127,-147,-149,-156,-153,-159,-158,-213,-212,-208,-218,-206,-204,-231,-233,-272,-193,-227,-196,-255,-197,-204,-215,-247,-206,-211,-207,-227,-205,-249,-239,-320,-265,-402,-398,-429,-423,-456,-418,-622,-581,-587,-280,-539,-517,-652,-592,-754,-766,-762,-739,-963,-920,-1101,-1081,-1008,-713]} 1. d4 Nf6 2. c4 g6 3. Nc3 d5 4. cxd5 Nxd5 5. e4 Nxc3 6. bxc3 Bg7 7. Nf3 c5 8. h3 O-O 9. Be3 {D85: Exchange Grünfeld: Unusual White 7th moves and lines with 7 Nf3} Qa5 {[#] ...cxd4 is the strong threat.} 10. Bd2 Rd8 11. Be2 {The position is equal.} e6 12. O-O Nc6 13. Qc2 $146 ({Predecessor:} 13. a4 Qc7 14. Bg5 Rd7 15. Rc1 h6 16. Be3 Qd8 17. Bb5 {1-0 (17) Kramnik,V (2770)-Svidler,P (2727) Dortmund 2004}) 13... cxd4 14. cxd4 Qa3 15. Bg5 Nxd4 16. Nxd4 Rxd4 17. Rfd1 (17. Be3 $11) 17... Bd7 $17 {[%cal Bc8d7,Bd7c6,Bc6e4][%mdl 32]} 18. Rxd4 Bxd4 19. Rb1 Qg3 20. Bg4 Bc6 21. Rd1 Qe5 22. Qd2 (22. Bf4 $17 Qc5 23. Qxc5 Bxc5 24. Bf3) 22... Bc3 $19 ({Don't play} 22... Qxe4 23. Bf3 $17) 23. Qc1 Bxe4 24. Bf4 Qc5 25. Bd6 Qc6 26. Qf4 Rd8 27. Be7 Re8 28. Ba3 (28. Bg5 $142) 28... Bg7 29. Rc1 Qd5 30. Be2 Qe5 ({Resist} 30... Bxg2 31. Rc7 $17) 31. Qe3 Bc6 32. Bc5 a6 33. Bf1 Rd8 34. Qa3 Qb2 35. Qe3 (35. Qxb2 $142 Bxb2 36. Rb1) 35... Qxa2 36. Bb6 Rd7 37. Qg3 {Black must now prevent Qb8+.} h6 38. Bc4 (38. Be3 $142) 38... Qb2 39. Be3 Qe5 {[#]} (39... a5 $142 40. Re1 a4) 40. Bf4 $2 (40. Bxa6 $1 {[%mdl 512]} Qxg3 (40... bxa6 41. Rxc6) 41. fxg3) 40... Qe4 {Black is clearly winning.} 41. Bf1 a5 42. Rc4 Rd4 43. Rxd4 Qxd4 44. Be3 Qd1 45. Qb8+ Kh7 46. Qc7 Bb5 {Precision: White = 21%, Black = 70%.} 0-1

[Event "1st Gujarat GM Open 2018"]
[Site "Ahmedabad"]
[Date "2018.10.09"]
[Round "6"]
[White "Arpan, Das"]
[Black "Kasparova, Tatiana"]
[Result "1-0"]
[WhiteElo "2164"]
[BlackElo "2102"]
[Annotator "TA"]
[PlyCount "97"]
[EventDate "2018.10.05"]
[EventType "swiss"]
[EventCountry "IND"]
[SourceTitle "playchess.com"]
[Source "ChessBase"]
[SourceQuality "1"]

{[%evp 20,97,23,18,26,32,27,21,31,27,25,13,35,22,35,24,29,-43,0,-29,-25,-17,-6,-11,0,-3,10,0,63,14,27,-4,33,-14,0,-17,0,-33,0,0,0,0,0,0,25,29,104,106,115,87,144,164,160,157,160,138,229,198,193,130,417,416,465,457,451,435,544,530,558,560,558,518,634,622,581,560,880,858,6287,5709]} 1. e4 d6 2. d4 Nf6 3. Nc3 e5 4. Nf3 Nbd7 5. Bc4 Be7 6. O-O O-O 7. Re1 c6 8. a4 b6 9. d5 Bb7 10. b3 cxd5 11. Nxd5 {LiveBook: 151 Games} Nc5 {C41: Philidor Defence} (11... Rc8 12. Re2 Nc5 13. Nxf6+ Bxf6 14. Bd5 Qd7 15. Ba3 Bxd5 16. Qxd5 Rfd8 17. Re3 Ne6 18. c4 Bg5 19. Ree1 Nf4 20. Qd1 {½-½ (30) Alekseev,E (2688)-Mchedlishvili,M (2629) Tashkent 2011}) 12. Nxf6+ Bxf6 13. Bd5 Qc7 {The position is equal.} 14. Ba3 Rad8 15. Qd2 $146 ({Predecessor:} 15. c4 Bxd5 16. cxd5 Qd7 17. Rc1 Be7 18. Rc4 f5 19. exf5 Qxf5 {0-1 (39) Nemcova,K (2282)-Bhakti,K (2249) Chotowa 2010}) 15... Bc8 16. h3 Be7 17. Rad1 Kh8 18. g4 (18. Qc3 $11) 18... Be6 19. Bc1 Qc8 20. Kh2 Bxd5 21. Qxd5 Ne6 22. c4 Qc5 23. Be3 Qxd5 ({Black should try} 23... Qc7 $11) 24. Rxd5 g6 25. Red1 Rc8 26. R1d2 Kg7 27. h4 Rc6 28. Kh3 f5 29. gxf5 gxf5 30. exf5 Rxf5 {[#]} 31. Ng5 $1 {[%mdl 512]} Nc7 (31... Nxg5+ 32. Kg4) 32. R5d3 Ne8 (32... Kg6 $11 {keeps the balance.}) 33. Kg4 $16 Rf6 34. h5 Rh6 ({Black should play} 34... h6) 35. Ne4 $36 {[%mdl 2048] Keeping Black busy.} Re6 36. Kf5 Kf7 37. Bg5 Ng7+ (37... h6 $16) 38. Kg4 $18 {Strongly threatening Rf3+.} Ne8 {[#]} 39. Rf3+ (39. Rd1 $1 $18) 39... Nf6+ $2 {[%mdl 8192]} (39... Kg8 $16 40. Rd1 Bxg5 41. Kxg5 Rc7) 40. Bxf6 Bxf6 41. Ng5+ {White is clearly winning.} Ke7 {intending ...Bxg5.} 42. Nxh7 Bg7 43. Ng5 Rf6 44. Rxf6 Kxf6 45. Ne4+ Ke6 46. Kg5 Bf8 47. Kg6 Rc7 {Threatens to win with ...Rg7+.} 48. h6 Rb7 49. Ng5+ {Precision: White = 55%, Black = 15%.} 1-0

[Event "1st Gujarat GM Open 2018"]
[Site "Ahmedabad"]
[Date "2018.10.09"]
[Round "6"]
[White "Michelle Catherina, P."]
[Black "Fominyh, Alexander"]
[Result "1-0"]
[WhiteElo "2147"]
[BlackElo "2405"]
[Annotator "TA"]
[PlyCount "95"]
[EventDate "2018.10.05"]
[EventType "swiss"]
[EventCountry "IND"]
[SourceTitle "playchess.com"]
[Source "ChessBase"]
[SourceQuality "1"]

{[%evp 23,95,60,69,65,79,64,95,98,85,31,50,-25,14,-8,33,3,8,19,58,56,56,54,56,55,76,51,51,51,51,51,51,52,51,48,58,54,62,46,40,50,53,60,94,92,93,88,83,85,110,102,115,101,120,68,71,71,68,21,21,15,165,143,381,371,395,393,388,388,381,381,367,364,311,306]} 1. e4 c5 2. Nf3 Nc6 3. d4 cxd4 4. Nxd4 Qb6 5. Nb3 Nf6 6. Nc3 e6 7. Qe2 Bb4 8. Bd2 O-O 9. a3 {B33: Sizilianisch (Lasker/Pelikan/Sweschnikow-Variante)} (9. O-O-O d5 10. exd5 exd5 11. Be3 Qc7 12. Nb5 Qd8 13. f3 a6 14. N5d4 Re8 15. Qf2 Ne5 16. Bd2 Bd6 17. Kb1 a5 18. Bb5 a4 {½-½ (76) Amonatov,F (2620)-Korobov,A (2692) Doha 2016}) 9... Be7 10. O-O-O d5 11. exd5 exd5 12. Be3 Qc7 {LiveBook: 7 Partien} 13. h3 Be6 14. g4 Rfd8 15. Nb5 Qc8 $146 ({Vorgänger:} 15... Qb8 16. f4 Ne4 {1-0 (33) Kantane,A (2266)-Berke,A (2173) Stary Smokovec 2018}) 16. N5d4 (16. Bg2 $16) 16... a5 17. f4 (17. Kb1 $14) 17... Bd7 18. Bg2 a4 19. Nxc6 $1 bxc6 20. Nc5 Bxc5 21. Bxc5 Re8 22. Qf2 Qa6 23. Rhe1 Qc4 24. Kb1 Rxe1 25. Rxe1 {Und Te7 würde nun gewinnen.} Ne4 26. Bxe4 $1 dxe4 27. f5 {Schwarz muss nun Td1 beachten.} f6 28. Rd1 Be8 {und nun wäre ...Lf7 stark für Schwarz.} 29. Qd4 Qe2 30. Bb4 $36 {[%mdl 2048] Weiss hat Druck.} h6 31. Re1 Qf3 32. Qxe4 Qxe4 33. Rxe4 $14 {[%mdl 4096] Endspiel KTL-KTL} Bf7 34. Kc1 Bd5 35. Re3 h5 36. b3 Kh7 37. Kb2 Ra6 38. Kc3 (38. gxh5 $16 Ra7 39. Bd2) 38... hxg4 39. hxg4 Kh6 40. Kd4 {Droht c4 und aus.} axb3 41. c4 Bf7 {[#]} (41... b2 $11 42. Rb3 Bf3) 42. Bd2 $1 $18 {[%cal Re3h3]} ({Keinesfalls} 42. Rxb3 $6 Kg5 $14) 42... Kg5 $2 (42... g6 $16 {ist eine bessere Verteidigung.}) 43. Re7+ Kxg4 44. Rxf7 Kxf5 {beabsichtigt ...Tb6.} 45. Rxg7 Rxa3 46. Rb7 Kg4 47. Kc3 f5 48. Rxb3 {Precision: Weiß = 73%, Schwarz = 44%.} 1-0

[Event "1st Gujarat GM Open 2018"]
[Site "Ahmedabad"]
[Date "2018.10.09"]
[Round "6"]
[White "Singh, D.P."]
[Black "Tanishka Kotia"]
[Result "1/2-1/2"]
[WhiteElo "2132"]
[BlackElo "1892"]
[Annotator "TA"]
[PlyCount "89"]
[EventDate "2018.10.05"]
[EventType "swiss"]
[EventCountry "IND"]
[SourceTitle "playchess.com"]
[Source "ChessBase"]
[SourceQuality "1"]

{[%evp 9,89,3,20,16,26,-88,-87,-84,-60,-95,0,-80,0,-110,0,-93,0,-87,-52,-56,-50,-52,-38,-45,-41,-55,-44,-60,-36,-44,-23,-27,-24,-28,0,-6,-5,-28,-29,-30,-30,-39,-33,-22,-29,-52,-50,-60,0,0,0,0,0,0,0,0,0,0,0,0,33,15,25,22,24,0,0,0,10,0,-3,-25,-28,-25,-25,-44,-33,-44,-44,-44,-44,-45]} 1. d4 {Finkel,A} Nf6 2. Nf3 e6 3. Nbd2 d5 4. e3 Nbd7 (4... b6 5. Bd3 Bb7 6. O-O Bd6 7. b3 O-O 8. Bb2 c5 9. dxc5 Bxc5 10. Qe2 Nbd7 11. c4 Qe7 12. a3 e5 13. Bf5 e4 14. Nd4 Ne5 15. Bh3 g6 16. b4 Bd6 17. Nb5 Bb8 18. cxd5 Bxd5 19. Bd4 {0-1 (46) Dominguez Perez,L (2739)-So,W (2788) Saint Louis 2017}) 5. b3 Bb4 6. Bb2 {D02: 1 d4 d5 2 Nf3 sidelines, including 2...Nf6 3 g3 and 2...Nf6 3 Bf4} Ne4 7. c4 (7. Bd3 $11) 7... Qf6 $17 8. Bc1 $146 {Black is better.} ({Predecessor:} 8. Qe2 dxc4 9. bxc4 O-O 10. Rg1 b5 11. cxb5 a6 12. a3 Ba5 13. O-O-O Nxd2 14. Nxd2 {1-0 (38) Radjabov,T (2610)-Zvjaginsev,V (2673) Moscow 2002 CBM 091 [Finkel,A]}) 8... Qg6 {[#] Strongly threatening ...Nc3.} 9. Nh4 Qf6 {[%csl Ge4][%cal Rf6f2]} 10. Nhf3 Qg6 {And now ...Nc3 would win.} 11. Nh4 $1 {[%cal Rh4g6]} Qf6 {[%csl Ge4][%cal Rf6f2]} 12. Nhf3 Qg6 (12... Bc3 $17 13. Rb1 Qg6 14. cxd5 exd5) 13. a3 (13. Nh4 $1 $11 Qf6) 13... Nc3 (13... Bc3 {seems wilder.} 14. Ra2 c5 15. Rc2 dxc4 16. bxc4 Ba5) 14. Nh4 Nxd1 15. Nxg6 Bxd2+ $1 16. Bxd2 Nxe3 $1 17. Bxe3 hxg6 18. Rc1 c6 19. f3 O-O 20. Kf2 dxc4 21. bxc4 Rd8 22. Rd1 b6 23. h4 Ba6 24. h5 gxh5 25. Rxh5 Nf6 26. Rh4 {[#]} c5 $1 {[%mdl 512]} 27. Be2 {Black should prevent Rdh1.} (27. dxc5 Rxd1) 27... cxd4 28. Bxd4 Rac8 ({Better is} 28... Ne8 $15) 29. Rdh1 $36 {[%csl Gh1][%cal Rh4h8][%mdl 2048] White has the initiative.} Kf8 30. Bc3 Nd7 31. Rh8+ Ke7 32. Rxd8 Rxd8 33. Bxg7 Rc8 34. Rh4 Nc5 35. Rf4 Nb7 36. Bf6+ Ke8 37. Bc3 Nd6 {[%cal Ra6c4]} 38. Bb4 Nxc4 39. a4 b5 40. axb5 Bxb5 41. Rh4 a6 42. Rh8+ Kd7 {Black is slightly better.} 43. Rxc8 Kxc8 44. Bxc4 Bxc4 45. Ke1 {Precision: White = 43%, Black = 55%.} 1/2-1/2